00215nam a2200085 4500082001200000245006300012260002600075300000700101650002100108 a535 LIG aSeminar on "Light:Harvesting Sensing and as a depollutant" aColombobICHEMCc2006 a11 aHarvestinga2006